Extreme Geography of the World - Heights and Depths - Statistics

General Stats
  • This quiz has been taken 52 times
    32 since last reset
  • The average score is 14 of 20
Answer Stats
Hint Answer % Correct
The two countries that share that peak (name any) China | Nepal
100%
Highest mountain on land Everest
100%
Mountain range of the above peak Himalaya
96%
Country where the two above peaks are located United States
96%
Mountain range of the above two peaks Andes
87%
Lowest point on dry land is on the shores of this "sea" (actually a lake) Dead Sea
83%
Highest mountain from its base to its peak on land (hint: continental summit) Denali
83%
The two countries that share that lake (name any) Israel | Jordan
83%
The two countries that share that volcano (name any) Argentina | Chile
78%
Deepest location on the oceans' floor Mariana Trench (Challenger Deep)
78%
Highest mountain from its base to its peak (hint: rises from the ocean) Mauna Kea
78%
Greatest vertical drop on land is on this mountain (hint: a Norse god) Mount Thor
74%
Country where the above peak is located Ecuador
70%
Country where the above mountain is located Canada
61%
The deepest borehole ever dug is on (and named after) this Russian peninsula Kola peninsula
61%
Mountain which has the farthest peak from Earth's center due to its latitude, despite being only 235th highest from sea-level Chimborazo
57%
Ocean gulf where the deepest-ever underwater borehole was dug (hint: for oil search) Gulf of Mexico
43%
The deepest mine ever dug is in this well-known mining country South Africa
39%
The deepest natural cave is in a foreign-occupied region of this country Georgia (Abkhazia)
22%
Highest volcano on land, which is also the second highest non-Asian mountain Ojos del Salado
17%
No matching quizzes found
Score Distribution
Percent of People with Each Score
Percentile by Number Answered
Your Score History
You have not taken this quiz since the last reset